| 000 | 00839nam a2200217Ia 4500 | ||
|---|---|---|---|
| 001 | 4384 | ||
| 003 | GE_BSU | ||
| 008 | 181216s||||||||xx |||||||||||||| ||und|| | ||
| 040 | _cGE_BSU | ||
| 080 | _a665.6(075.8):66 | ||
| 100 | _aСкобло,А.И. Трегубова,И.А. Молоканов,Ю.К. | ||
| 245 | _aПроцессы и аппараты нефтеперерабатывающей и нефтехимической промышленности. | ||
| 245 | _cРед. Р.М.Степанова. | ||
| 250 | _a2-е изд. перераб. и доп | ||
| 260 | _aМ. | ||
| 260 | _bХимия. | ||
| 260 | _c1982. | ||
| 300 | _a584 стр. 20 см. | ||
| 653 | _aПроцессы и аппараты нефтеперерабатывающей и нефтехимической промышленности. | ||
| 942 | _cBK | ||
| 999 |
_c38374 _d38374 |
||